| 000 -LEADER |
| fixed length control field |
00745pam a2200193 a 4500 |
| 020 ## - INTERNATIONAL STANDARD BOOK NUMBER |
| ISBN |
0028013182 |
| 040 ## - CATALOGING SOURCE |
| Transcribing agency |
DLC |
| 082 00 - DEWEY DECIMAL CLASSIFICATION NUMBER |
| Classification number |
004 GLE 1995 A006 Or. |
| 100 1# - MAIN ENTRY--AUTHOR NAME |
| Personal name |
Norton, Peter, |
| 245 10 - TITLE STATEMENT |
| Title |
Peter Norton's introduction to computers. |
| 260 ## - PUBLICATION, DISTRIBUTION, ETC. (IMPRINT) |
| Place of publication |
New York : |
| Name of publisher |
Glencoe, |
| Year of publication |
c1995. |
| 300 ## - PHYSICAL DESCRIPTION |
| Number of Pages |
xxv, 566 p. : |
| Other physical details |
ill. (some col.), col. maps ; |
| Dimensions |
28 cm. + |
| Accompanying material |
2 computer disks (3 1/2-5 1/4 in.) |
| 500 ## - GENERAL NOTE |
| General note |
System requirements for computer disks: IBM-compatible PC; DOS; Microsoft Windows; Norton Desktop for Windows; hard disk. |
| 500 ## - GENERAL NOTE |
| General note |
"Includes optional computer activities for DOS, Windows, and Norton Desktop for Windows"--Cover. |
| 500 ## - GENERAL NOTE |
| General note |
Includes index. |
| 650 #0 - SUBJECT ADDED ENTRY--TOPICAL TERM |
| Topical Term |
Computers. |
| 650 #0 - SUBJECT ADDED ENTRY--TOPICAL TERM |
| Topical Term |
Computer software. |
| 942 ## - ADDED ENTRY ELEMENTS (KOHA) |
| Koha item type |
សៀវភៅភាសាអង់គ្លេស |
| 952 ## - LOCATION AND ITEM INFORMATION (KOHA) |
| Withdrawn status [LOCAL, KOHA] |
0 |